000 01370cam a2200241 4500
001 ABS67116
008 031024n2003 000 0 eng u
035 _a(Sirsi) u124017
100 _aChamberlain, K.
245 4 _aThe protection of cultural property in armed conflict
260 _c2003
490 _aArt Antiquity and Law
_vVVIII(3) September 2003, 209-240(32)
520 _aExamines existing international law as it applies to the protection of cultural property in armed conflict and comments on the extent to which the participants in the recent Iraqi conflict have fulfilled their obligations. Traces the evolution of international agreements and treaties aimed at protecting cultural objects during times of armed conflict from the Hague Convention 1899 up to the UNESCO Convention on the Means of Prohibiting and Preventing the Illicit Import, Export and Transfer of Ownership of Cultural Property 1970.
590 _aABS
650 _aCULTURAL PROPERTY
650 _aINTERNATIONAL LAW
650 _aWAR
650 _aINTERNATIONAL COOPERATION
650 _aCONVENTION ON THE MEANS OF PROHIBITING AND PREVENTION OF THE ILLICIT IMPORT, EXPORT AND TRANSFER OF OWNERSHIP OF CULTURAL PROPERTY 1970
650 _aCONVENTION ON THE PROTECTION OF CULTURAL PROPERTY IN TIME OF ARMED CONFLICT 1954
690 _aArts and antiques
_96217
942 _n0
999 _c73645
_d73645